|
|
|
|
| LEADER |
00000nam0a2200000 4500 |
| 001 |
9646 |
| 005 |
20231101204653.0 |
| 010 |
|
|
|a 506003433X
|
| 035 |
|
|
|a (RuTPU)RU\TPU\book\9701
|
| 035 |
|
|
|a BOOK00009763
|
| 090 |
|
|
|a 9646
|
| 100 |
|
|
|a 20011209d1998 m y0rusy50 ca
|
| 101 |
0 |
|
|a rus
|
| 102 |
|
|
|a RU
|
| 105 |
|
|
|a a j 000zy
|
| 200 |
1 |
|
|a Станочник широкого профиля
|e учебник
|f А. Г. Схиртладзе, В. Ю. Новиков
|
| 205 |
|
|
|a 2-е изд., испр.
|
| 210 |
|
|
|a Москва
|c Высшая школа
|d 1998
|
| 215 |
|
|
|a 464 с.
|c ил.
|
| 225 |
1 |
|
|a Профессия
|
| 606 |
1 |
|
|a Металлорежущие станки
|2 stltpush
|3 (RuTPU)RU\TPU\subj\42570
|9 62229
|
| 610 |
1 |
|
|a назначение
|
| 610 |
1 |
|
|a устройство
|
| 610 |
1 |
|
|a наладка
|
| 610 |
1 |
|
|a эксплуатация
|
| 610 |
1 |
|
|a ЧПУ
|
| 610 |
1 |
|
|a безопасность труда
|
| 610 |
1 |
|
|a учебники
|
| 675 |
|
|
|a 621.9.06(07)
|v 3
|
| 700 |
|
1 |
|a Схиртладзе
|b А. Г.
|g Александр Георгиевич
|
| 701 |
|
1 |
|a Новиков
|b В. Ю.
|g Владимир Юрьевич
|
| 801 |
|
0 |
|a RU
|b 63413507
|c 20011209
|g PSBO
|
| 801 |
|
2 |
|a RU
|b 63413507
|c 20230323
|g PSBO
|
| 900 |
|
|
|a Автоматическое управление процессами и системами
|
| 942 |
|
|
|c BK
|